[Event "FISU World University"]
[Site "Tornelo INT"]
[Date "2020.10.28"]
[Round "7.35"]
[White "Araujo, Lucas Filipe Echer"]
[Black "Lanaro, Emilio"]
[Result "1-0"]
[WhiteElo "1788"]
[BlackElo "1657"]
[PlyCount "57"]
[EventDate "2020.10.26"]
[EventType "team-swiss (rapid)"]
[EventRounds "9"]
[EventCountry "NET"]
[SourceTitle "CBM 199 Extra"]
[Source "ChessBase"]
[SourceDate "2021.01.31"]
[SourceVersion "1"]
[SourceVersionDate "2021.01.31"]
[SourceQuality "1"]
[WhiteTeam "Brazil III"]
[BlackTeam "Uruguay"]
[WhiteTeamCountry "BRA"]
[BlackTeamCountry "URU"]

1. c4 Nf6 2. g3 g6 3. Bg2 Bg7 4. Nc3 d6 5. e4 e5 6. Nge2 0-0 7. 0-0 Nc6 8. d3 Ne8 9. Be3 f5 10. exf5 gxf5 11. f4 Kh8 12. Qd2 Nf6 13. fxe5 dxe5 14. Bh6 Qe7 15. Bxg7+ Qxg7 16. Rae1 Bd7 17. Nd5 Nxd5 18. cxd5 Nd4 19. Nxd4 exd4 20. Qf4 Bb5 21. Re5 Bxd3 22. Rd1 Be4 23. Bxe4 fxe4 24. Qxe4 Rad8 25. Re7 Rf7 26. Rxf7 Qxf7 27. Qxd4+ Kg8 28. Qe5 b6 29. Qg5+ 1-0

[Event "Montevideo Duchamp Cup 4th"]
[Site "Montevideo"]
[Date "2020.02.11"]
[Round "5"]
[White "Avedisian, Alexander"]
[Black "Lanaro, Emilio"]
[Result "1-0"]
[WhiteElo "1892"]
[BlackElo "1670"]
[PlyCount "85"]
[EventDate "2020.02.08"]
[EventType "swiss"]
[EventRounds "9"]
[EventCountry "URU"]
[SourceTitle "CBM 194 Extra"]
[Source "ChessBase"]
[SourceDate "2020.03.31"]
[SourceVersion "1"]
[SourceVersionDate "2020.03.31"]
[SourceQuality "1"]

1. g3 Nf6 2. Bg2 g6 3. Nf3 Bg7 4. 0-0 0-0 5. c4 d6 6. Nc3 e5 7. d4 Nbd7 8. dxe5 dxe5 9. Qc2 c6 10. e4 Qe7 11. h3 Nc5 12. Be3 Nh5 13. Rad1 Ne6 14. Rfe1 Re8 15. Rd2 Qf8 16. Qd1 b6 17. Nh4 Bb7 18. Nf5 gxf5 19. exf5 Nhf4 20. Bxf4 exf4 21. fxe6 fxe6 22. gxf4 Rad8 23. Rxd8 Rxd8 24. Qg4 Qf5 25. Qh4 Bf6 26. Qg3+ Kh8 27. Ne4 Rg8 28. Ng5 Bxg5 29. fxg5 Qxg5 30. Qxg5 Rxg5 31. Rxe6 Kg8 32. Kh2 Rc5 33. Re7 Ba6 34. b3 Ra5 35. Rxa7 Rxa2 36. Kg3 Ra5 37. Kh4 Bxc4 38. Rxa5 bxa5 39. bxc4 a4 40. Be4 a3 41. Bb1 Kf7 42. Kg5 Ke6 43. f4 1-0

[Event "Nueva Helvecia Colonia Cup"]
[Site "Nueva Helvecia"]
[Date "2019.09.28"]
[Round "2"]
[White "Lanaro, Emilio"]
[Black "Siri, Lorenzo"]
[Result "1/2-1/2"]
[WhiteElo "1658"]
[BlackElo "1068"]
[PlyCount "75"]
[EventDate "2019.09.28"]
[EventType "swiss"]
[EventRounds "5"]
[EventCountry "URU"]
[SourceTitle "EXT 2020"]
[Source "ChessBase"]
[SourceDate "2019.10.17"]
[SourceVersion "1"]
[SourceVersionDate "2019.10.17"]
[SourceQuality "1"]

1. e4 e5 2. Nf3 d6 3. d4 Nc6 4. Bb5 Bg4 5. dxe5 dxe5 6. 0-0 Qxd1 7. Rxd1 Bxf3 8. gxf3 Nf6 9. Nc3 Be7 10. f4 0-0 11. Bxc6 bxc6 12. fxe5 Ng4 13. Rd7 Bc5 14. Be3 Nxe3 15. fxe3 Bxe3+ 16. Kg2 Bb6 17. Na4 Ba5 18. c3 Rad8 19. Rad1 Rxd7 20. Rxd7 c5 21. Nxc5 c6 22. e6 fxe6 23. Nxe6 Rf7 24. Rxf7 Kxf7 25. Nd4 c5 26. Nc2 Ke6 27. b4 cxb4 28. cxb4 Bb6 29. Kf3 Ke5 30. a4 Bc7 31. Ne3 Kd4 32. Nd5 Bxh2 33. b5 h5 34. a5 Kc5 35. b6 axb6 36. axb6 Kc6 37. Kg2 Be5 38. Kf3 1/2-1/2

[Event "Punta del Este Interdepartamental"]
[Site "Punta del Este"]
[Date "2019.08.24"]
[Round "3.2"]
[White "Campopiano, Julio"]
[Black "Lanaro, Emilio"]
[Result "1-0"]
[WhiteElo "1791"]
[BlackElo "1630"]
[PlyCount "85"]
[EventDate "2019.08.23"]
[EventType "team-swiss"]
[EventRounds "5"]
[EventCountry "URU"]
[SourceTitle "EXT 2020"]
[Source "ChessBase"]
[SourceDate "2019.10.17"]
[SourceVersion "1"]
[SourceVersionDate "2019.10.17"]
[SourceQuality "1"]
[WhiteTeam "Paysandu"]
[BlackTeam "Montevideo CL"]
[WhiteTeamCountry "URU"]
[BlackTeamCountry "URU"]

1. c4 Nf6 2. g3 g6 3. Bg2 Bg7 4. Nf3 0-0 5. d4 d6 6. Nc3 Nbd7 7. 0-0 c6 8. Qc2 Qc7 9. Rd1 Re8 10. e4 e5 11. d5 cxd5 12. cxd5 Nc5 13. Ne1 Bg4 14. f3 Bd7 15. Be3 Rac8 16. Qf2 b6 17. Rac1 Qb7 18. Bf1 Nh5 19. Nb5 Bf8 20. Qd2 Be7 21. b4 Na6 22. g4 Nf6 23. h3 Nc7 24. Nxc7 Rxc7 25. Rxc7 Qxc7 26. Rc1 Qb7 27. b5 h5 28. g5 Nh7 29. h4 f6 30. Rc2 fxg5 31. hxg5 Rf8 32. Qc1 Bd8 33. a4 Rf7 34. Kh2 Kg7 35. Be2 Qa8 36. Nd3 Qb7 37. Nb4 Bc8 38. Nc6 Bc7 39. Nb4 Nf8 40. Na6 Bd8 41. Rxc8 Qd7 42. Qc6 Qxc6 43. bxc6 1-0

[Event "URU-ch U20"]
[Site "Montevideo"]
[Date "2019.04.27"]
[Round "3"]
[White "Lopez, Julieta"]
[Black "Lanaro, Emilio"]
[Result "0-1"]
[WhiteElo "1062"]
[BlackElo "1694"]
[PlyCount "128"]
[EventDate "2019.04.26"]
[EventType "swiss"]
[EventRounds "6"]
[EventCountry "URU"]
[SourceTitle "CBM 190 Extra"]
[Source "ChessBase"]
[SourceDate "2019.07.15"]
[SourceVersion "1"]
[SourceVersionDate "2019.07.15"]
[SourceQuality "1"]

1. e4 c5 2. d4 cxd4 3. c3 dxc3 4. Nxc3 Nc6 5. Bc4 e6 6. Nf3 a6 7. a4 Be7 8. 0-0 Nf6 9. Qe2 0-0 10. Rd1 Qc7 11. Bg5 Re8 12. Rac1 Ne5 13. Bf4 Nxf3+ 14. Qxf3 Qxc4 15. b3 Qb4 16. e5 Nd5 17. Nxd5 exd5 18. Rxd5 b5 19. Rd3 Bb7 20. Qxb7 Qxf4 21. Rcd1 Bc5 22. h3 Qxf2+ 23. Kh1 Rad8 24. Rf3 Qc2 25. Qd5 Ba3 26. Rdf1 h6 27. Qxf7+ Kh8 28. Qh5 Rf8 29. Kh2 Rxf3 30. Rxf3 Rf8 31. Rg3 Qf2 32. Qg6 Rg8 33. Qxa6 bxa4 34. Qxa4 Bc1 35. Rg4 Qb6 36. Qxd7 Qxb3 37. e6 Qb8+ 38. Kh1 Qe8 39. Qd1 Bb2 40. Qe2 Bf6 41. Re4 Qe7 42. Qh5 Ra8 43. Kh2 Ra6 44. Qf5 Qd6+ 45. Kg1 Ra1+ 46. Kf2 Qe7 47. Ke2 Ra3 48. Qb5 Ra8 49. Qc6 Re8 50. Kf3 Qf8 51. Rf4 Re7 52. Qd6 Qe8 53. Re4 Qh5+ 54. Kf2 Qf5+ 55. Ke3 Bg5+ 56. Kd4 Qf2+ 57. Kc4 Qxg2 58. Qd8+ Kh7 59. Re5 Qxh3 60. Qd5 Qf1+ 61. Kc5 Qc1+ 62. Kd4 Qd2+ 63. Ke4 Qe3+ 64. Kf5 Qf4# 0-1

[Event "Montevideo zt 2.5"]
[Site "Montevideo"]
[Date "2019.04.19"]
[Round "9"]
[White "Lanaro, Emilio"]
[Black "Ramirez, Agustin"]
[Result "0-1"]
[WhiteElo "1694"]
[BlackElo "1541"]
[PlyCount "88"]
[EventDate "2019.04.13"]
[EventType "swiss"]
[EventRounds "9"]
[EventCountry "URU"]
[SourceTitle "CBM 189 Extra"]
[Source "ChessBase"]
[SourceDate "2019.06.03"]
[SourceVersion "1"]
[SourceVersionDate "2019.06.03"]
[SourceQuality "1"]

1. e4 e6 2. d4 d5 3. e5 c5 4. c3 Qb6 5. Nf3 Nc6 6. a3 c4 7. Nbd2 Na5 8. Rb1 Bd7 9. g3 Be7 10. Bg2 0-0-0 11. 0-0 Rf8 12. b3 cxb3 13. Nxb3 Ba4 14. Nfd2 Nc4 15. Qe2 Bb5 16. Qd1 Nxa3 17. Bxa3 Bxa3 18. Re1 Nh6 19. Qc2 Kb8 20. Nc5 Bxc5 21. Bf1 Qc7 22. Bxb5 Bxd4 23. Nf3 Bb6 24. Rec1 Ng4 25. Qa4 Nxf2 26. Nd4 Ne4 27. Kg2 Nc5 28. Qa3 Qxe5 29. Nc6+ bxc6 30. Bxc6 Qe2+ 31. Kh3 Kc7 32. Bb5 Qf3 33. Bf1 f5 34. Rxb6 axb6 35. Qa7+ Kc6 36. Bb5+ Kxb5 37. Rb1+ Kc4 38. Rb4+ Kd3 39. Rd4+ Ke3 40. Qxg7 Rhg8 41. Qe5+ Ne4 42. Ra4 Qf1+ 43. Kh4 Rg4+ 44. Kh5 Qh3# 0-1

[Event "Montevideo zt 2.5"]
[Site "Montevideo"]
[Date "2019.04.15"]
[Round "4"]
[White "Lanaro, Emilio"]
[Black "Barreto, Carlos"]
[Result "1/2-1/2"]
[WhiteElo "1694"]
[BlackElo "1778"]
[PlyCount "99"]
[EventDate "2019.04.13"]
[EventType "swiss"]
[EventRounds "9"]
[EventCountry "URU"]
[SourceTitle "CBM 189 Extra"]
[Source "ChessBase"]
[SourceDate "2019.06.03"]
[SourceVersion "1"]
[SourceVersionDate "2019.06.03"]
[SourceQuality "1"]

1. e4 e5 2. Nf3 Nc6 3. Bc4 Bc5 4. c3 Nf6 5. d3 h6 6. 0-0 d6 7. Bb3 Bg4 8. h3 Bh5 9. Re1 Bb6 10. Nbd2 0-0 11. Nf1 Nd7 12. Ng3 Bg6 13. a4 Nc5 14. Bc2 a5 15. d4 Nd7 16. Be3 exd4 17. Nxd4 Nce5 18. Qe2 c6 19. f4 c5 20. Nb5 Qh4 21. fxe5 Qxg3 22. exd6 Rae8 23. Bf2 Qe5 24. Qf3 Re6 25. Bg3 Qg5 26. h4 Qd8 27. c4 Ne5 28. Bxe5 Rxe5 29. Qg4 Rfe8 30. b3 h5 31. Qg3 Qd7 32. Rad1 Bd8 33. Nc3 Bf6 34. Nd5 Qxd6 35. Rf1 Rxd5 36. Qxd6 Rxd6 37. Rxd6 Bxh4 38. Rfd1 Bf6 39. Rd7 Bd4+ 40. Kf1 b6 41. Rd6 Rb8 42. Ke2 Kf8 43. Kf3 Ke7 44. Rd5 f6 45. Ke2 Bf7 46. Rf5 Be6 47. Rh1 Bxf5 48. exf5 Re8 49. Kf3 Kd6 50. Be4 1/2-1/2

[Event "Montevideo zt 2.5"]
[Site "Montevideo"]
[Date "2019.04.14"]
[Round "3"]
[White "Zaruski, Julio"]
[Black "Lanaro, Emilio"]
[Result "1-0"]
[WhiteElo "1842"]
[BlackElo "1694"]
[PlyCount "115"]
[EventDate "2019.04.13"]
[EventType "swiss"]
[EventRounds "9"]
[EventCountry "URU"]
[SourceTitle "CBM 189 Extra"]
[Source "ChessBase"]
[SourceDate "2019.06.03"]
[SourceVersion "1"]
[SourceVersionDate "2019.06.03"]
[SourceQuality "1"]

1. d4 Nf6 2. c4 g6 3. g3 Bg7 4. Bg2 0-0 5. Nf3 d6 6. 0-0 Nbd7 7. Nc3 e5 8. e4 a5 9. b3 exd4 10. Nxd4 Nc5 11. Bb2 Bg4 12. f3 Bd7 13. Qd2 Re8 14. Rad1 Ne6 15. Nd5 Nxd5 16. Nxe6 Bxe6 17. cxd5 Bd7 18. Bxg7 Kxg7 19. Rc1 c5 20. dxc6 Bxc6 21. Rfd1 Qb6+ 22. Qd4+ Qxd4+ 23. Rxd4 f5 24. Rxd6 fxe4 25. fxe4 Bxe4 26. Rc7+ Kh6 27. h4 Bxg2 28. Kxg2 Re2+ 29. Kh3 Rg8 30. Rdd7 Rh8 31. a4 Re4 32. Rxb7 Rb4 33. g4 Rxb7 34. Rxb7 g5 35. Rb5 gxh4 36. Rxa5 Rc8 37. Kxh4 Rc3 38. Rb5 Rc1 39. Rb6+ Kg7 40. a5 Ra1 41. b4 Ra4 42. Kg5 h6+ 43. Kh5 Ra1 44. Rb7+ Kf6 45. Rb6+ Kg7 46. Kh4 Ra2 47. a6 Ra4 48. g5 hxg5+ 49. Kxg5 Kf7 50. Kf5 Ke7 51. Ke5 Kd7 52. b5 Kc7 53. Rb7+ Kc8 54. Kd5 Ra1 55. Kc6 Rh1 56. Kb6 Rh5 57. Rg7 Rh6+ 58. Ka7 1-0

[Event "URU-ch U20/Girls"]
[Site "Nueva Helvecia"]
[Date "2018.04.23"]
[Round "6"]
[White "Lanaro, Emilio"]
[Black "Amaral, Francisco"]
[Result "1-0"]
[WhiteElo "1802"]
[BlackElo "1631"]
[PlyCount "55"]
[EventDate "2018.04.21"]
[EventType "swiss"]
[EventRounds "6"]
[EventCountry "URU"]
[SourceTitle "CBM 184 Extra"]
[Source "ChessBase"]
[SourceDate "2018.06.28"]
[SourceVersion "1"]
[SourceVersionDate "2018.06.28"]
[SourceQuality "1"]

1. e4 d6 2. d4 Nf6 3. Nc3 Nbd7 4. f4 e5 5. dxe5 dxe5 6. f5 c6 7. Bd3 Bb4 8. Bd2 Nc5 9. Qf3 Nxd3+ 10. Qxd3 Qxd3 11. cxd3 b6 12. a3 Bxc3 13. Bxc3 Nd7 14. Nf3 f6 15. 0-0-0 c5 16. h4 Nb8 17. g4 Nc6 18. Rdg1 Ba6 19. Kc2 0-0-0 20. Rd1 Rd7 21. g5 Nd4+ 22. Bxd4 cxd4 23. h5 Rc7+ 24. Kb3 Kb8 25. h6 Rg8 26. hxg7 fxg5 27. f6 Rf7 28. Nxe5 1-0